Normal view
MARC view
- PENDRAY, G EDWARD,GODDARD, ESTHER C
Entry Personal Name
001 - CONTROL NUMBER
- control field: 58937
003 - CONTROL NUMBER IDENTIFIER
- control field: NUST
005 - DATE AND TIME OF LATEST TRANSACTION
- control field: 20210628202233.0
008 - FIXED-LENGTH DATA ELEMENTS
- fixed length control field: 210628|| aca||aabn | a|a d
040 ## - CATALOGING SOURCE
- Original cataloging agency: NUST
- Transcribing agency: NUST
100 ## - HEADING--PERSONAL NAME
- Personal name: PENDRAY, G EDWARD,GODDARD, ESTHER C
670 ## - SOURCE DATA FOUND
- Source citation: Work cat.: (NUST): PENDRAY, G EDWARD,GODDARD, ESTHER C, ROCKET DEVELOPMENT LIQUID FUEL ROCKET RESEARCH 1921-1941, 1960
